Города по Фото — Ж - Statistics

General Stats
  • This quiz has been taken 23 times
  • The average score is 3 of 12
Answer Stats
Picture Answer % Correct
Женева
94%
Житомир
59%
Жуковский
47%
Жодино
29%
Железноводск
24%
Жатец
24%
Жирона
12%
Жешув
12%
Жигулёвск
12%
Жилина
6%
Жабляк
0%
Жуан-Песоа
0%
No matching quizzes found
Score Distribution
Percent of People with Each Score
Percentile by Number Answered
Your Score History
You have not taken this quiz